00739 2200265 4500001002100000005001700021008004100038035002400079040001200103082001200115090002100127100002300148245007800171250001100249260003100260300003000291500004000321650002200361700001800383850001200401990001500413990001500428990001500443990001500458YOGYA-0612000000099320120617182308.0 ind  0010-061200000000991 aYOPDYOG a658.403 aT 658.403bHen B aHENDRICKS, William aBagaimana mengelola konflikcWilliam Hendricks ; penerjemah, Arif Santosa aCet. 3 aJakartabBumi Aksarac2000 aviii, 89 hlmbilusc21 cm aJudul asli : How to manage conflict aManajemen konflik aSantoso, Arif aYOPDYOG a01P0000703 a01P0000704 a01P0000705 a99B0031589